书目信息 |
| 题名: |
建筑的诗意
|
|
| 作者: | 罗斯金 著 ;王如月 译 | |
| 分册: | ||
| 出版信息: | 济南 山东画报出版社 2014 |
|
| 页数: | 157页 | |
| 开本: | 23cm | |
| 丛书名: | ||
| 单 册: | ||
| 中图分类: | TU-861 | |
| 科图分类: | ||
| 主题词: | 建筑艺术--艺术评论--世界--文集 , 艺术评论 , 建筑艺术 | |
| 电子资源: | ||
| ISBN: | 978-7-5474-0993-0 | |
| 000 | 01159nam0 2200277 450 | |
| 001 | 142250 | |
| 005 | 20141220135104.67 | |
| 010 | @a978-7-5474-0993-0@dCNY 25.00 | |
| 100 | @a20140425d2014 em y0chiy50 ea | |
| 101 | 1 | @achi@ceng |
| 102 | @aCN@b370000 | |
| 105 | @aa z 000yy | |
| 200 | 1 | @a建筑的诗意@9jian zhu de shi yi@b专著@dThe poetry of architecture@f(英)约翰·罗斯金(John Ruskin)著@g王如月译@zeng |
| 210 | @a济南@c山东画报出版社@d2014 | |
| 215 | @a157页@c图@d23cm | |
| 300 | @a约翰·罗斯金“建筑三部曲” | |
| 330 | @a本书作者努力尝试去阐释那些被忽视的原则:精神气质的一致性、优雅的基础和美感的本质。将带领读者考察各国建筑如何受到它们气质和风俗的影响,与周围景物的联系,处于什么样的天空之下。读者会看到街市和农舍,也会看到庙堂和高塔,会更关注那些被精神气质所支配的建筑,而不是被规则所约束和纠正的建筑。 | |
| 510 | 1 | @aPoetry of architecture@zeng |
| 606 | 0 | @a建筑艺术@x艺术评论@y世界@j文集 |
| 606 | 0 | @a艺术评论 |
| 606 | 0 | @a建筑艺术 |
| 690 | @aTU-861@v5 | |
| 701 | 0 | @c(英)@a罗斯金@9luo si jin@c(Ruskin, John@f1819 1900)@4著 |
| 702 | 0 | @a王如月@9wang ru yue@c(女)@4译 |
| 801 | 0 | @aCN@bZL@c20141220 |
| 905 | @a241430@dTU-861@eY9441 | |
| 建筑的诗意=The poetry of architecture/(英)约翰·罗斯金(John Ruskin)著/王如月译.-济南:山东画报出版社,2014 |
| 157页:图;23cm |
| 约翰·罗斯金“建筑三部曲” |
| ISBN 978-7-5474-0993-0:CNY 25.00 |
| 本书作者努力尝试去阐释那些被忽视的原则:精神气质的一致性、优雅的基础和美感的本质。将带领读者考察各国建筑如何受到它们气质和风俗的影响,与周围景物的联系,处于什么样的天空之下。读者会看到街市和农舍,也会看到庙堂和高塔,会更关注那些被精神气质所支配的建筑,而不是被规则所约束和纠正的建筑。 |
| ● |
| 相关链接 |
|
|
|
正题名:建筑的诗意
索取号:TU-861/Y9441
 
预约/预借
| 序号 | 登录号 | 条形码 | 馆藏地/架位号 | 状态 | 备注 |
| 1 | 1134367 | 211343679 | 建筑库101/101建筑库 20排1列5层/ [索取号:TU-861/Y9441] | 在馆 | |
| 2 | 1134368 | 211343688 | 建筑库101/101建筑库 20排1列5层/ [索取号:TU-861/Y9441] | 在馆 | |
| 3 | 1134369 | 211343697 | 建筑库101/101建筑库 20排1列5层/ [索取号:TU-861/Y9441] | 在馆 |